000 00761cab a22002055a 4500
001 L142423
008 080213e20080102xxkad f s 000 0 eng d
035 _a(Sirsi) u142423
041 0 _aeng
100 1 _aDoyle, David
245 0 0 _aRegional report
_bMidtown, Euston and Kings Cross
260 _c2008
490 0 _aProperty Week
_v73(6) 8 February 2008, 103-112(7)
520 _aReports on news and developments from the area; the first meeting of the Midtown Business Club; plans to redevelop Euston Station. Considers what impact the Argent's redevelopment will have on the King's Cross club scene.
590 _aKA
651 4 _aLondon
690 _aPROPERTY-COMMERCIAL PROPERTY-COMMERCIAL PROPERTY MARKET
700 1 _aHatcher, David
942 _n0
999 _c79806
_d79806